000 00982nam a2200229Ia 4500
999 _c39789
_d39789
001 6394
003 GE_BSU
005 20230803170055.0
008 181216s1990||||ru |||||||||||||| ||rus||
020 _a5274008941
040 _cGE_BSU
080 _a728.1.011(075.8) А-87
245 _aАрхитектурное проектирование жилых здании :
_bУчеб. для вузов. /
_cМ.В. Лисициан, В.Л. Пашковский, З.В. Петунина ; Ред. Е.И.Астафеева.
264 _aMосква :
_bСтройиздат,
_c1990.
300 _a488с :
_bил. ;
_c20 см.
653 _aАрхитектурное проектирование жилых здании
700 _aЛисициан, М.В.
_cАвтор
_919592
700 _aПашковский, В.Л.
_cАвтор
_919593
700 _aПетунина,З.В.
_cАвтор
_919594
700 _aАстафеева, Е.И.
_cРедактор
_919595
942 _cBK
_2udc